| 000 | 00426nam a2200145Ia 4500 | ||
|---|---|---|---|
| 008 | 231217s9999 xx 000 0 und d | ||
| 041 | _aEnglish | ||
| 082 | _a620.3 LAL.1;1 R | ||
| 100 | _aLalanne, Christian | ||
| 245 | 0 | _aMechanical vibration and shock V.1 : Sinusoidal vibration | |
| 260 |
_c2002 _bHPS _aLondon |
||
| 300 | _axviii+312 | ||
| 650 | _aMechanical,vibration,shock,V.1,:,Sinusoidal,vibration | ||
| 942 | _cAA | ||
| 999 |
_c174779 _d174779 |
||